LDR 01229nam a2200277 i 4500 001 000000046457 003 CaOOAMICUS 005 20260528135056.0 008 101012s1995 gw u000 u ger u 020 $a3-451-23651-6$cGb 020 $a3-451-23650-8$ckt 040 $aSeMil$bita 100 1 $aCourth, Franz,$d<1940- >.$0(OLS)http://semarc/name/23097 245 14$aDie Sakramente :$bein Lehrbuch für Studium und Praxis der Theologie /$cFranz Courth. 260 $aFreiburg ; Basel ; Wien :$bHerder,$c1995. 300 $aXXI, 360 p. ;$c24 cm. 650 4$aSacramenti - Teologia cattolica.$0(OLS)http://semarc/subject/113 650 4$aSacramenti - Teologia - Storia.$0(OLS)http://semarc/subject/1898 850 $aSeMil 852 $aSeMil$W1$xVenegono$y1$m2B IV 415$j272724$B12612$CSeMilBibl$Z2$F12612 $81 961 $aAcquisto: Casa editrice 996 $6020$a3-451-23651-6$cGb$9(OLS)http://semarc/number/18947 996 $6020$a3-451-23650-8$ckt$9(OLS)http://semarc/number/18948 996 $6245$aDie Sakramente :$bein Lehrbuch für Studium und Praxis der Theologie$9(OLS)http://semarc/title/69462 996 $6260$aFreiburg ; Basel ; Wien :$bHerder$9(OLS)http://semarc/publisher/29643